000 00738nam a2200229Ia 4500
003 OSt
005 20220928121559.0
006 a|||||r|||| 00| 0
007 ta
008 220927b |||||||| |||| 00| 0 eng d
024 _a25716
037 _cReference Collections
040 _aSDCL
_cSDCL
_beng
041 _2eng
_aeng
082 _aNQ45a128,23M50<-H00, L6 RR
100 _aRobinson B W
_9453407
245 0 _aPersian paintings in the India office library
_b A descriptive catalogue.
260 _aLondon
_bSotheby Parkey Bernet Publications
_c1976
300 _axiii,271p
_ccm.
942 _hNQ45a128,23M50<-H00, L6 RR
_cREF
_2CC
999 _c767296
_d767296